000 00806nas a2200265 4500
001 BR0003287
003 BR-BrBNA
005 20231205101928.0
007 ta
008 230509b bl.|||p| |||| 00| 00por d
040 _aBR-BrBNA
_bpor
_cBiblioteca Nacional de Agricultura
041 _a(En)
072 _aL74
100 1 _aJardim, L.S.
100 1 _aAndrade-Neto, J.P.
100 1 _aAlessi, A.C.
245 1 _aNeuronal vacuolation and spongiform lesions in yong Rottweiler dogs
650 _aCao
650 _aSistema Nervoso
650 _aLesao
650 _aDisturbio Fisiologico
773 0 _tArquivo Brasileiro de Medicina Veterinaria e Zootecnia (Brazil)
_xISSN 0102-0935
_g(Oct 1999), v. 51(5) p. 449-452
_wBR0003287
909 _a202311
_bLúcia
_c55
_dLúcia Elande
942 _2AGRIS
_n0
_cANA
999 _c164770
_d164770